000 00601nam a22001697a 4500
999 _c60598
_d60598
005 20230914171458.0
008 230914s1983 pl ||||| |||| 00| 0 pol d
041 _apol
080 _a069 G-24
100 _aGaspar, Dora
_919819
245 _aRímske zbierky. Katalóg I. Kovania, debničiek, zámky, držadlá, klúče, klince a fragmenty panciera
_cGáspár Dora, Priska Ratimorská.
264 _aBratislava,
_c1983.
300 _a28 p. :
_bill.;
_e23 cm.
653 _aრომის კოლექციები
700 _aRatimorská, Priska
_eავტორი
_919820
942 _2udc
_cBK